Škodáček, J.: O staroveku a politike

Bibliographic Details
Main Author: Čáky, Milan, 1944- (Author)
Format: Article
Language:Slovak
ISSN:0018-2575
Subjects:

MARC

LEADER 00000nab a2200000 a 4500
001 vtls008426853
003 SK-MaSNL
005 20260304142052.0
008 250505c2005 xo ||||||o |00 b|slo
015 |a SNBRB2006/01  |2 snkbucl 
035 |a urn:nbn:sk:snk-ab7upk 
035 |a (urnnbn)urn:nbn:sk:snk:ar-004twy 
035 |a (uuid)1710860e-93cc-4b50-b57f-a0c56f4f10a9 
038 |a SNKBUCL 
040 |a SNKBUCL  |b slo  |c SNKBUCL  |e AACR2 
041 0 |a slo 
044 |a xo  |c SK 
080 |a 94(495)  |x "652"  |x (048)  |2 1997 
080 |a 94(38)  |x (048)  |2 1997 
080 |a 94(1-11)  |x "652"  |x (048)  |2 1997 
080 |a 32(495)  |x "652"  |x (048)  |2 1997 
080 |a 32(1-11)  |x "652"  |x (048)  |2 1997 
080 |a 32(38)  |x (048)  |2 1997 
080 |a 34(495)  |x "652"  |x (048)  |2 1997 
080 |a 34(38)  |x (048)  |2 1997 
080 |a 34(1-11)  |x "652"  |x (048)  |2 1997 
100 1 |a Čáky, Milan,  |d 1944-  |4 aut  |9 108393 
245 1 0 |a Škodáček, J.: O staroveku a politike  |c M. Čáky 
648 7 |a starovek  |2 SNKPH  |9 317620 
650 0 7 |a politika  |2 SNKPH  |9 968 
650 0 7 |a spoločnosť a politika  |2 SNKPH  |9 1526 
650 0 7 |a právo a politika  |2 SNKPH  |9 4423 
650 0 7 |a politológia  |2 SNKPH  |9 4684 
650 0 7 |a politické ideológie  |2 SNKPH  |9 4686 
651 7 |a Grécko  |x dejiny  |2 SNKPHgeo  |9 74807 
651 7 |a Blízky východ  |2 SNKPHgeo  |9 60147 
655 7 |a recenzie  |2 SNK  |9 21907 
740 0 2 |a Starovek a politické prestavy Predného východu a Grécka 
773 0 |t Historický časopis  |g Roč. 53, č. 3 (2005), s. 587-588  |x 0018-2575 
787 0 8 |i Rec.:  |a Škodáček, Ján, 1943-  |t O staroveku a politike : (starovek a politické prestavy Predného východu a Grécka)  |d Trnava : Univerzita sv. Cyrila a Metoda, 2005  |z 8089034780 
850 |a Slovenská národná knižnica 
852 |a Slovenská národná knižnica 
954 |a odborná, vedecká literatúra pôvodná (slovenská)  |2 lita 
958 |a article9 
958 |a OND 
958 |a RC 
958 |a GR 
958 |a EUIPO 
999 |c 2920321  |d 2922251